Song Lyrics Rammstein - Sex - Statistics

General Stats
  • This quiz has been taken 7 times
  • The average score is 133 of 183
Answer Stats
Answer % Correct
das
100%
die
100%
ein
100%
Ein
100%
in
100%
ist
100%
Komm
100%
leben
100%
Leben
100%
mir
100%
mit
100%
nicht
100%
nur
100%
Sex
100%
und
100%
Und
100%
Wir
100%
zu
100%
auch
67%
Besser
67%
deins
67%
Denn
67%
dir
67%
doch
67%
Eine
67%
einmal
67%
es
67%
Es
67%
Fleisch
67%
Haut
67%
her
67%
Ich
67%
ins
67%
Liebe
67%
lieben
67%
Meins
67%
schau
67%
singen
67%
Sirenen
67%
Tausend
67%
tief
67%
verlangen
67%
Verlangen
67%
wieder
67%
als
33%
an
33%
auf
33%
Bauch
33%
Beben,
33%
Beißt
33%
Brüste
33%
dich
33%
dralle
33%
Du
33%
du
33%
fallen
33%
fangen
33%
Faust
33%
gebaut
33%
Geruch
33%
Geschlecht
33%
gut
33%
Händen
33%
Häute
33%
Hirn,
33%
Knie
33%
kriecht
33%
Leib
33%
liederlich
33%
meinem
33%
Nadeln
33%
schlecht
33%
Schwingen
33%
seh
33%
tiefer
33%
Überall
33%
unterm
33%
Venen
33%
weich
33%
weil
33%
werden
33%
Will
33%
willst
33%
wird
33%
No matching quizzes found
Score Distribution
Percent of People with Each Score
Percentile by Number Answered
Your Score History
You have not taken this quiz